Practical system design / (Record no. 27)
[ view plain ]
| 000 -LEADER | |
|---|---|
| fixed length control field | 00591cam a2200241ua 4500 |
| 041 ## - LANGUAGE CODE | |
| Language code of text/sound track or separate title | eng |
| 082 ## - DEWEY DECIMAL CLASSIFICATION NUMBER | |
| Classification number | 658.4032 |
| Item number | DAN/PR |
| 100 ## - MAIN ENTRY--AUTHOR NAME | |
| Personal name | Daniels , Alan . |
| 245 ## - TITLE STATEMENT | |
| Title | Practical system design / |
| 250 ## - EDITION STATEMENT | |
| Edition statement | 1 / |
| 260 ## - PUBLICATION, DISTRIBUTION, ETC. (IMPRINT) | |
| Place of publication | : |
| Name of publisher | Galcotia Publications Pvt Ltd , |
| Year of publication | 1985. |
| 300 ## - PHYSICAL DESCRIPTION | |
| Number of Pages | 258 ; . |
| 650 ## - SUBJECT ADDED ENTRY--TOPICAL TERM | |
| Topical Term | System Design |
| 650 ## - SUBJECT ADDED ENTRY--TOPICAL TERM | |
| Topical Term | System Management |
| 700 1# - ADDED ENTRY--PERSONAL NAME | |
| Personal name | Yeats, Don . |
| 942 ## - ADDED ENTRY ELEMENTS (KOHA) | |
| Koha item type | Books |
| 003 - CONTROL NUMBER IDENTIFIER | |
| control field | @ |
| 003 - CONTROL NUMBER IDENTIFIER | |
| control field | OSt |
| Withdrawn status | Lost status | Damaged status | Home library | Current library | Date acquired | Full call number | Accession Number | Koha item type |
|---|---|---|---|---|---|---|---|---|
| KAUAET | KAUAET | 09/03/1987 | 658.4032 | 16012 | Books |
